The junior School Shakespeare / (Record no. 186345)

000 -LEADER
fixed length control field 00502 a2200169 4500
003 - CONTROL NUMBER IDENTIFIER
control field Nust
005 - DATE AND TIME OF LATEST TRANSACTION
control field 20230201095609.0
040 ## - CATALOGING SOURCE
Transcribing agency Nust
082 ## - DEWEY DECIMAL CLASSIFICATION NUMBER
Classification number 808.83,KIN
100 ## - MAIN ENTRY--PERSONAL NAME
Personal name W. Barry
9 (RLIN) 108330
245 ## - TITLE STATEMENT
Title The junior School Shakespeare /
Remainder of title King Henry V with introduction, Notes , & C.
Statement of responsibility, etc. W. Barry
260 ## - PUBLICATION, DISTRIBUTION, ETC.
Place of publication, distribution, etc. Blackie and Son Limited
Name of publisher, distributor, etc. London
Date of publication, distribution, etc. 1939
300 ## - PHYSICAL DESCRIPTION
Extent 143 p
Other physical details illus
Dimensions 18 cm
600 ## - SUBJECT ADDED ENTRY--PERSONAL NAME
Personal name W. Barry
9 (RLIN) 108330
650 ## - SUBJECT ADDED ENTRY--TOPICAL TERM
Topical term or geographic name entry element The junior school shakespeare
9 (RLIN) 108331
942 ## - ADDED ENTRY ELEMENTS (KOHA)
Source of classification or shelving scheme
Koha item type Book
Call number prefix 808.83,KIN
Holdings
Withdrawn status Lost status Source of classification or shelving scheme Damaged status Not for loan Permanent Location Current Location Shelving location Date acquired Full call number Barcode Date last seen Price effective from Koha item type Public note
          Military College of Signals (MCS) Military College of Signals (MCS) General Stacks 12/12/2016 808.83,KIN MCS29664 12/08/2016 12/12/2016 Book Almirah No. 57, Shelf No.1
© 2023 Central Library, National University of Sciences and Technology. All Rights Reserved.